| Tag |
First Indicator |
Second Indicator |
Subfields |
| LEADER |
00000cam a2200000Ii 4500 |
| 001 |
in00004064591 |
| 005 |
20211120102425.0 |
| 007 |
cr cn||||||||| |
| 008 |
160421s2010 mdu ot f000 0 eng d |
| 024 |
8 |
|
|a GOVPUB-C13-851a599eb83cf665d99909ad30d34a2b
|
| 035 |
|
|
|a (OCoLC)ocn947049667
|
| 040 |
|
|
|a NBS
|b eng
|e rda
|e pn
|c NBS
|d GPO
|d MvI
|d UtOrBLW
|
| 049 |
|
|
|a WWW
|
| 074 |
|
|
|a 0247-D (online)
|
| 086 |
0 |
|
|a C 13.58:7673
|
| 100 |
1 |
|
|a Bernal, Javier.
|0 http://id.loc.gov/authorities/names/n89673385
|
| 245 |
1 |
0 |
|a Linking canny edge pixels with pseudo-watershed lines /
|c Javier Bernal.
|
| 264 |
|
1 |
|a Gaithersburg, MD :
|b U.S. Dept. of Commerce, National Institute of Standards and Technology,
|c 2010.
|
| 300 |
|
|
|a 1 online resource.
|
| 336 |
|
|
|a text
|b txt
|2 rdacontent
|
| 337 |
|
|
|a computer
|b c
|2 rdamedia
|
| 338 |
|
|
|a online resource
|b cr
|2 rdacarrier
|
| 490 |
1 |
|
|a NISTIR ;
|v 7673
|
| 500 |
|
|
|a 2010.
|
| 500 |
|
|
|a Contributed record: Metadata reviewed, not verified. Some fields updated by batch processes.
|
| 500 |
|
|
|a Title from PDF title page.
|
| 504 |
|
|
|a Includes bibliographical references.
|
| 700 |
1 |
|
|a Bernal, Javier.
|0 http://id.loc.gov/authorities/names/n89673385
|
| 710 |
2 |
|
|a National Institute of Standards and Technology (U.S.)
|0 http://id.loc.gov/authorities/names/n88112126
|
| 830 |
|
0 |
|a NISTIR ;
|v 7673.
|0 http://id.loc.gov/authorities/names/n88507971
|
| 856 |
4 |
0 |
|u https://purl.fdlp.gov/GPO/gpo100204
|t 0
|
| 999 |
f |
f |
|s 7ad97105-3a25-31c9-804e-e8b2a3d3384e
|i 8bf981b8-54a9-38e2-ab10-1261236c840a
|t 0
|
| 952 |
f |
f |
|a Texas A&M University
|b College Station
|c Electronic Resources
|d Available Online
|t 0
|e C 13.58:7673
|h Superintendent of Documents classification
|
| 998 |
f |
f |
|a C 13.58:7673
|t 0
|l Available Online
|